[Event "Collado Villalba op 24th"]
[Site "Collado Villalba"]
[Date "2007.08.23"]
[Round "1"]
[White "Menor Villamor, Jose Carlos"]
[Black "Teske, Henrik"]
[Result "0-1"]
[WhiteElo "2032"]
[BlackElo "2578"]
[PlyCount "36"]
[EventDate "2007.08.23"]
[EventType "swiss"]
[EventRounds "9"]
[EventCountry "ESP"]
[SourceTitle "EXT 2008"]
[Source "ChessBase"]
[SourceDate "2007.11.25"]
[SourceVersion "1"]
[SourceVersionDate "2007.11.25"]
[SourceQuality "1"]

1. e4 c5 2. d4 cxd4 3. c3 d5 4. exd5 Nf6 5. c4 e6 6. dxe6 Bxe6 7. Nf3 Nc6 8. Be2 Bb4+ 9. Kf1 a5 10. Bg5 0-0 11. a3 Be7 12. Qd3 Qb6 13. b3 g6 14. Nh4 Ne5 15. Qg3 d3 16. Qxe5 Nd7 17. Qe3 dxe2+ 18. Kxe2 Qxe3+ 0-1

[Event "Galapagar op 06th"]
[Site "Galapagar"]
[Date "2005.07.24"]
[Round "2.11"]
[White "Elissalt Cardenas, Hector"]
[Black "Menor Villamor, Jose Carlos"]
[Result "1-0"]
[WhiteElo "2317"]
[BlackElo "2034"]
[PlyCount "55"]
[EventDate "2005.07.23"]
[EventType "swiss"]
[EventRounds "9"]
[EventCountry "ESP"]
[SourceTitle "EXT 2006"]
[Source "ChessBase"]
[SourceDate "2005.11.24"]
[SourceVersion "1"]
[SourceVersionDate "2005.11.24"]
[SourceQuality "1"]

1. c4 Nf6 2. Nc3 g6 3. g3 Bg7 4. Bg2 0-0 5. e4 d6 6. Nge2 e5 7. d3 Nc6 8. h3 Ne8 9. Be3 f5 10. Qd2 Ne7 11. 0-0-0 a6 12. d4 Be6 13. c5 dxc5 14. dxe5 Qxd2+ 15. Rxd2 Bxe5 16. f4 Bxc3 17. Nxc3 fxe4 18. Bxc5 Rf7 19. Nxe4 h6 20. Nc3 c6 21. Re1 Nc7 22. Rde2 Nf5 23. Rxe6 Nxe6 24. Rxe6 Kg7 25. Be4 Rd8 26. g4 Nh4 27. Be7 Re8 28. Bf6+ 1-0

[Event "Collado Villalba op-A 19th"]
[Site "Collado Villalba"]
[Date "2002.08.24"]
[Round "2"]
[White "Vilela de Acuna, Jose Luis"]
[Black "Menor Villamor, Jose Carlos"]
[Result "1-0"]
[WhiteElo "2355"]
[BlackElo "2096"]
[PlyCount "55"]
[EventDate "2002.08.26"]
[EventType "swiss"]
[EventRounds "9"]
[EventCountry "ESP"]
[SourceTitle "EXT 2003"]
[Source "ChessBase"]
[SourceDate "2002.11.25"]
[SourceVersion "1"]
[SourceVersionDate "2002.11.25"]
[SourceQuality "1"]

1. d4 Nf6 2. c4 g6 3. Nc3 Bg7 4. e4 d6 5. Nf3 0-0 6. Be2 e5 7. 0-0 Nc6 8. d5 Ne7 9. b4 Nd7 10. c5 f5 11. Nd2 f4 12. Bg4 Nf6 13. Bxc8 Rxc8 14. f3 g5 15. Nc4 a6 16. a4 h5 17. Ba3 g4 18. b5 axb5 19. Nxb5 gxf3 20. gxf3 Qe8 21. cxd6 cxd6 22. Nbxd6 Qg6+ 23. Kh1 Rxc4 24. Nxc4 Nxe4 25. Bxe7 Rc8 26. fxe4 Rxc4 27. Qf3 Rxe4 28. Rg1 1-0